=LDR 00000nam 2200000 4500 =001 INLIS000000000039403 =005 20140321104020.0 =006 =007 =008 ind =035 ##$$0010-061300000039403 =041 ##$$a ind =082 ##$$a 813.081 =090 ##$$a 813.081, She j =100 ##$$a SHEHADEH, Raja =245 ##$$a Jalan-jalan di palestina, Catatan atas negeri yang hilang, Raja shehadeh;Alih bahasa,Yulia safitri =260 ##$$a Jakarta $b Gramedia $c 2008 =300 ##$$a Xxiv,237 Hlm, 21 Cm =650 ##$$a FIKSI INDONESIA - HISTORIS TERJEMAHAN =700 ##$$a SAFITRI, Yulia =850 ##$$a NBPNMAT =990 ##$$a 91016/BPAP-NTB/2014 =990 ##$$a 0001/BPAP-NTB/2015 =990 ##$$a 0001/BPAP-NTB/2015